| 000 | 01158nam0a22002651 4500 | ||
|---|---|---|---|
| 001 | rc\3679468 | ||
| 005 | 20250610060846.0 | ||
| 035 | _a(NLR Aleph) 007750390 | ||
| 090 |
_a7257491 _c7257491 |
||
| 100 | _a20130115d1970 |||y0rusy50 ca | ||
| 101 | 0 | _arus | |
| 102 | _aRU | ||
| 105 | _ay z ||||| | ||
| 200 | 1 |
_aЛенинские идеи социалистического соревнования живут и побеждают _fЧуваш. респ. организация о-ва "Знание" РСФСР. Науч.-метод. совет по пропаганде истории КПСС и истории СССР |
|
| 210 |
_aЧебоксары _cБ. и. _d1970 |
||
| 215 |
_a48 с. _d20 |
||
| 225 | 1 | _aВ помощь лектору | |
| 300 | _aПеред загл. авт.: К.В. Калинина; в вып. дан. - Клавдия Васильевна Калинина канд. ист. наук | ||
| 320 | _aБиблиогр.: с. 48 | ||
| 700 | 1 |
_aКалинина _bК.В. _gКлавдия Владимировна |
|
| 801 | 0 |
_aRU _bNLR _gpsbo |
|
| 801 | 1 |
_aRU _bELAR _2rusmarc |
|
| 852 |
_aNLR _j69-4/32798 |
||
| 942 | _cBOOK | ||
| 980 | _aNB | ||